000 00498nam a2200193Ia 4500
003 GCL
008 140319s9999 xx 000 0 aRus d
040 _aGCL /
_cGCL
082 0 4 _a863
_bL L
100 1 _aLLOSA, MARIO VARGAS
245 1 0 _aLA CIUDAD Y LOS PERROS /
_cLLOSA, MARIO VARGAS
260 _a[S.N] :
_bBIBLIOTECA DE BOLSILLO ،
_c1995
300 _a394
650 0 4 _aLITERATURE
650 0 4 _aFICTION
650 0 4 _aSPANISH LITERATURE
650 0 4 _aSPANISH FICTION
942 _2ddc
_cBK
999 _c12909
_d12909